[Event "Gibtelecom Masters"]
[Site "Gibraltar ENG"]
[Date "2006.02.01"]
[Round "9"]
[White "Kunte,A"]
[Black "Lagowski,P"]
[Result "1/2-1/2"]
[WhiteElo "2551"]
[BlackElo "2393"]
[EventDate "2006.01.24"]

1. d4 Nf6 2. Nf3 e6 3. c4 c5 4. d5 exd5 5. cxd5 d6 6. Nc3 g6 7. e4 Bg7 8.
Bf4 O-O 9. Be2 b5 10. Nd2 a6 11. a3 Re8 12. Qc2 Bb7 13. Rc1 Qe7 14. O-O
Nbd7 15. Rfe1 Rac8 16. Bf1 Ne5 17. h3 Nh5 18. Be3 g5 19. g3 Qf6 20. Kh2 Rc7
21. Ne2 Rce7 22. Ng1 Bc8 23. f3 Qg6 24. Bf2 f5 25. a4 fxe4 26. axb5 Nd3 27.
Nxe4 Nxe1 28. Rxe1 axb5 29. Bxb5 Rf8 30. Bd3 Bf5 31. Kg2 Be5 32. Ne2 Bxe4
33. Bxe4 Qf6 34. b3 Kh8 35. Rb1 Rb7 36. Be1 Rfb8 37. Bd2 Qg7 38. Bf5 Nf6
39. Qd3 Ng8 40. Kh2 Ne7 41. Be4 Bf6 42. f4 gxf4 43. Nxf4 Be5 44. Ne6 Qxg3+
45. Qxg3 Bxg3+ 46. Kxg3 Rxb3+ 47. Rxb3 Rxb3+ 48. Kg4 Nxd5 49. Bxd5 Rd3 50.
Bf4 Rxd5 51. Ng5 Kg8 52. Ne4 h5+ 53. Kf3 Rd3+ 54. Ke2 Rxh3 55. Nxd6 Rh1 56.
Be3 h4 57. Kf3 h3 58. Kg3 h2 59. Bxc5 Rc1 60. Kxh2 Rxc5 61. Kg3 Kf8 62. Kf4
Ke7 63. Ne4 Ra5 64. Ng5 Kf6 65. Ne4+ Ke6 66. Ng5+ Kd5 67. Nf3 Ra8 68. Ke3
Rf8 69. Nd2 Re8+ 70. Kf4 Rf8+ 71. Ke3 Ra8 72. Nf3 Ra4 1/2-1/2

[Event "Gibtelecom Masters"]
[Site "Gibraltar ENG"]
[Date "2006.02.01"]
[Round "9"]
[White "Speck,N"]
[Black "Sundararajan,K"]
[Result "1/2-1/2"]
[WhiteElo "2371"]
[BlackElo "2495"]
[EventDate "2006.01.24"]

1. e4 c5 2. Nf3 d6 3. d4 cxd4 4. Nxd4 Nf6 5. Nc3 e6 6. Be3 a6 7. Bc4 b5 8.
Bb3 Bb7 9. f3 Nbd7 10. Qe2 Nc5 11. O-O Be7 12. Qf2 O-O 13. Qg3 Nfd7 14.
Rad1 b4 15. Nce2 Nxb3 16. axb3 Rc8 17. Rd2 Re8 18. Nf4 Bh4 19. Qh3 Bg5 20.
Qg3 g6 21. Nde2 Ne5 22. Rfd1 Be7 23. c4 bxc3 24. bxc3 Qc7 25. Nd3 Nxd3 26.
Rxd3 a5 27. Qf2 Ba6 28. c4 a4 29. Nc3 axb3 30. Nb5 Qxc4 31. Nxd6 Bxd6 32.
Rxd6 Qe2 33. Qxe2 Bxe2 34. R1d2 Bc4 35. Bd4 e5 36. Bb2 f5 37. exf5 gxf5 38.
Kf2 Bf7 39. Re2 e4 40. fxe4 fxe4 41. Ke3 Rc7 42. Rf2 Ra7 43. Rd4 Rae7 44.
Rf4 Bg6 45. h4 Rc7 46. Rf2 Rec8 47. Rb4 Bf7 1/2-1/2

[Event "Gibtelecom Masters"]
[Site "Gibraltar ENG"]
[Date "2006.02.01"]
[Round "9"]
[White "Bakre,T"]
[Black "Mohota,N"]
[Result "1-0"]
[WhiteElo "2480"]
[BlackElo "2318"]
[EventDate "2006.01.24"]

1. Nf3 Nf6 2. b3 g6 3. d4 d5 4. e3 Bg7 5. Bd3 O-O 6. O-O c5 7. Ba3 Nbd7 8.
c4 b6 9. Nc3 Bb7 10. Rc1 cxd4 11. exd4 Re8 12. Ne5 a6 13. Re1 e6 14. Qf3
Nxe5 15. dxe5 Nd7 16. Qg3 d4 17. Na4 Rc8 18. Bd6 Nc5 19. Nxc5 bxc5 20. b4
cxb4 21. c5 Qa5 22. Bc4 Bh6 23. f4 d3 24. Qf2 b3 25. Bxd3 bxa2 26. Bc4 Qa4
27. Bxa2 Qxf4 28. Rb1 Bc6 29. Qxf4 Bxf4 30. Bc4 Bb5 31. Bxb5 axb5 32. Rxb5
Rc6 33. g3 Bg5 34. Rf1 Be3+ 35. Kg2 Rec8 36. Rb7 Bxc5 37. Rfxf7 Bxd6 38.
exd6 Rxd6 39. Rg7+ Kf8 40. Rxh7 Kg8 41. Rbg7+ Kf8 42. Rxg6 Rc2+ 43. Kf3
Rdd2 44. h4 Rf2+ 45. Kg4 Rc4+ 46. Kh3 e5 47. Rb6 Kg8 48. Re7 e4 49. h5 Rf7
50. Rb8+ Rf8 51. Rbb7 Rf1 52. h6 Rc8 53. Rg7+ 1-0

[Event "Gibtelecom Masters"]
[Site "Gibraltar ENG"]
[Date "2006.02.01"]
[Round "9"]
[White "Van den Bersselaar,J"]
[Black "Grooten,H"]
[Result "1-0"]
[WhiteElo "2222"]
[BlackElo "2365"]
[EventDate "2006.01.24"]

1. d4 Nf6 2. c4 e6 3. Nc3 Bb4 4. e3 c5 5. Nge2 cxd4 6. exd4 O-O 7. a3 Be7
8. Nf4 d6 9. Be3 Nbd7 10. Be2 a6 11. O-O Re8 12. Bf3 Bf8 13. b4 Rb8 14. Qc2
b6 15. Bc6 Qc7 16. b5 a5 17. Rac1 Bb7 18. d5 e5 19. Nfe2 Bc8 20. Ng3 g6 21.
f4 Bh6 22. Nce4 Nxe4 23. Nxe4 Re7 24. Qf2 f5 25. Qh4 Bf8 26. Bxd7 Bxd7 27.
Nf6+ Kh8 28. fxe5 dxe5 29. c5 bxc5 30. Bxc5 Rf7 31. Bxf8 Qb6+ 32. Bc5 Qxf6
33. Qxf6+ Rxf6 34. a4 Kg8 35. Be7 Rfb6 36. Rc7 R8b7 37. Rfc1 Kf7 38. Bd8
Rxc7 39. Bxc7 Rb7 40. Bxe5 g5 41. Bc7 Bxb5 42. axb5 Rxb5 43. d6 Ke6 44. Ra1
f4 45. h3 h5 46. Rxa5 Rb1+ 47. Kh2 g4 48. hxg4 hxg4 49. Rg5 g3+ 50. Kh3 Rb2
51. Re5+ Kd7 52. Re7+ Kc6 53. Rf7 Rf2 54. Bb8 Rb2 55. Rc7+ Kd5 56. d7 Rxb8
57. Rc8 1-0

[Event "Gibtelecom Masters"]
[Site "Gibraltar ENG"]
[Date "2006.02.01"]
[Round "9"]
[White "Walton,A"]
[Black "Quillan,G"]
[Result "1/2-1/2"]
[WhiteElo "2197"]
[BlackElo "2356"]
[EventDate "2006.01.24"]

1. d4 e6 2. e4 d5 3. Nc3 Bb4 4. exd5 exd5 5. Bd3 Nc6 6. a3 Ba5 7. Nge2 Nge7
8. O-O Bg4 9. h3 Bh5 10. Be3 Qd7 11. Qd2 f6 12. Ng3 Bg6 13. b4 Bb6 14. Na4
Bxd3 15. Qxd3 O-O 16. f4 Qd6 17. Nc5 Nd8 18. Rf3 f5 19. Qd2 c6 20. Nd3 Ne6
21. Ne5 a5 22. Rff1 Ng6 23. c3 Qe7 24. Ne2 Nc7 25. a4 Ne8 26. b5 cxb5 27.
Rfb1 Nd6 28. Qd3 Rac8 29. Kh2 Qc7 30. Bc1 bxa4 31. Ba3 Rf6 32. Bxd6 Qxd6
33. Rxa4 Qd8 34. Rb5 Ne7 35. c4 dxc4 36. Rxc4 h6 37. Ng3 Kh7 38. Nxf5 Nxf5
39. Rxb6 Rxc4 40. Rxf6 Qxf6 41. Nxc4 Kh8 42. Nxa5 Nxd4 43. Nxb7 Qxf4+ 44.
Qg3 Qf6 45. Nc5 Qe7 46. Qb8+ Kh7 47. Qb4 g6 1/2-1/2

[Event "Gibtelecom Masters"]
[Site "Gibraltar ENG"]
[Date "2006.02.01"]
[Round "9"]
[White "Tissir,M"]
[Black "Dunn,An1"]
[Result "0-1"]
[WhiteElo "2444"]
[BlackElo "2188"]
[EventDate "2006.01.24"]

1. e4 c6 2. d4 d5 3. Nc3 dxe4 4. Nxe4 Nd7 5. Bc4 Ngf6 6. Ng5 e6 7. Qe2 Nb6
8. Bb3 h6 9. N1f3 a5 10. c3 a4 11. Bc2 a3 12. b3 c5 13. dxc5 Bxc5 14. Ne5
Qc7 15. Ngf3 Bd6 16. c4 Nbd7 17. Nxd7 Bxd7 18. O-O Bc6 19. h3 O-O 20. Nd4
Rfd8 21. Be3 Be5 22. Rad1 Bf4 23. Rfe1 Bxe3 24. Qxe3 Qa5 25. Bb1 Rac8 26.
f3 Be8 27. f4 Bc6 28. f5 e5 29. Nxc6 bxc6 30. Bc2 Rxd1 31. Rxd1 e4 32. g4
Rd8 33. Rxd8+ Qxd8 34. Kg2 Qd6 35. Bxe4 Qe5 36. Kf3 Qh2 37. Bxc6 Qh1+ 38.
Ke2 Qxc6 39. Kd3 Qg2 40. Qe2 Qxh3+ 41. Kd4 Qxg4+ 42. Qxg4 Nxg4 43. b4 Kf8
44. b5 Ke7 45. c5 Kd7 46. c6+ Kd6 0-1

[Event "Gibtelecom Masters"]
[Site "Gibraltar ENG"]
[Date "2006.02.01"]
[Round "9"]
[White "Flores Chico,J"]
[Black "Jaime Montalvan,L"]
[Result "1-0"]
[WhiteElo "2136"]
[BlackElo "2242"]
[EventDate "2006.01.24"]

1. d4 Nf6 2. Nc3 c5 3. Bg5 cxd4 4. Qxd4 Qa5 5. Bxf6 gxf6 6. O-O-O Nc6 7.
Qd5 Qxd5 8. Nxd5 Kd8 9. e4 d6 10. f4 Bg7 11. Kb1 e6 12. Ne3 Kc7 13. Nf3 b6
14. g3 Bb7 15. Bg2 Rhd8 16. Rhe1 Rac8 17. a3 Kb8 18. Rd2 Na5 19. Nd4 a6 20.
Red1 Nc4 21. Nxc4 Rxc4 22. b3 Rc3 23. f5 e5 24. Ne2 Re3 25. Kb2 Rc8 26. c4
Bf8 27. Nc3 b5 28. Rd3 Rxd3 29. Rxd3 bxc4 30. bxc4 Rxc4 31. Nd5 Bxd5 32.
Rxd5 Kc7 33. Ra5 Kb6 34. Rxa6+ Kxa6 35. Bf1 Kb5 36. Kb3 Kc5 37. Bxc4 Kd4
38. Bd5 Ke3 39. a4 Kf3 40. Kc4 Bh6 41. a5 Be3 42. a6 Bc5 43. Kd3 Kg2 44. g4
Kxh2 45. g5 fxg5 46. Bxf7 g4 47. Bh5 g3 48. Bf3 g2 49. Bxg2 Kxg2 50. f6 Kf3
51. a7 1-0

[Event "Gibtelecom Masters"]
[Site "Gibraltar ENG"]
[Date "2006.02.01"]
[Round "9"]
[White "Nimmy,A"]
[Black "Schuurman,P"]
[Result "0-1"]
[WhiteElo "2123"]
[BlackElo "2234"]
[EventDate "2006.01.24"]

1. e4 c6 2. d4 d5 3. exd5 cxd5 4. Bd3 Nc6 5. c3 Nf6 6. Bg5 g6 7. Nd2 Bg7 8.
Ngf3 O-O 9. O-O h6 10. Bh4 Nh5 11. Ne1 Nf4 12. Bc2 b5 13. Nd3 Nxd3 14. Bxd3
b4 15. Bb5 Bd7 16. Re1 Re8 17. Qa4 bxc3 18. bxc3 Nb8 19. Rab1 a6 20. Bxd7
Nxd7 21. Rb7 Nf6 22. Reb1 Qc8 23. Qa5 Qf5 24. Nf3 g5 25. Bg3 Ne4 26. c4 e6
27. c5 h5 28. Qe1 g4 29. Ne5 h4 30. Rxf7 Qxf7 31. Nxf7 hxg3 32. f3 Bxd4+
33. Kf1 gxh2 34. Nh6+ Kh7 35. Rb7+ Kg6 36. Qh4 h1=Q+ 37. Qxh1 Ng3+ 0-1

[Event "Gibtelecom Masters"]
[Site "Gibraltar ENG"]
[Date "2006.02.01"]
[Round "9"]
[White "Vea,O"]
[Black "Thipsay,B"]
[Result "1/2-1/2"]
[WhiteElo "2099"]
[BlackElo "2219"]
[EventDate "2006.01.24"]

1. e4 d5 2. exd5 Qxd5 3. Nc3 Qa5 4. Nf3 Nf6 5. Bc4 Bf5 6. O-O e6 7. d4 c6
8. Bf4 Be7 9. Re1 O-O 10. Qd2 Qb6 11. Ne5 Nbd7 12. Bb3 Rad8 13. Nc4 Qa6 14.
Ne3 Bg6 15. a4 b6 16. Bc7 Rc8 17. Bg3 Rfd8 18. Bc4 Qa5 19. Qe2 Bb4 20. Ba6
Bxc3 21. bxc3 Qxc3 22. Bxc8 Rxc8 23. Qa6 Re8 24. Rad1 Qa5 25. Qxa5 bxa5 26.
c4 Nb6 27. c5 Nxa4 28. Ra1 Nc3 29. Rxa5 Nb5 30. Ra6 Rc8 31. Nc4 Nxd4 32.
Rxa7 Nb3 33. Nd6 Rf8 34. Nb7 Be4 35. Bd6 Re8 36. f3 Bd5 37. Na5 Nd4 38. Rb7
h5 39. Be5 Nb5 40. Rc1 h4 41. Kf2 Nh5 42. Rb6 f6 43. Bd6 Nd4 44. Nc4 e5 45.
Ne3 Nf4 46. Rc3 Ra8 47. Rb8+ Rxb8 48. Bxb8 Kf7 49. Ra3 Ke6 50. Nxd5 Kxd5
51. Ra7 g5 52. Bd6 Nd3+ 53. Kf1 Nf5 54. Rf7 Ke6 55. Rc7 Nb4 56. Rb7 Nd5 57.
Bf8 Nd4 1/2-1/2

[Event "Gibtelecom Masters"]
[Site "Gibraltar ENG"]
[Date "2006.02.01"]
[Round "9"]
[White "Agdestein,Em"]
[Black "Gokhale,A"]
[Result "1/2-1/2"]
[WhiteElo "2053"]
[BlackElo "2198"]
[EventDate "2006.01.24"]

1. Nc3 e5 2. e4 Nc6 3. Bc4 Nf6 4. d3 Bc5 5. Be3 d6 6. h3 Na5 7. Bb3 Nxb3 8.
axb3 Nd7 9. Nge2 Nf8 10. d4 exd4 11. Nxd4 Ng6 12. Qd2 O-O 13. O-O Re8 14.
f3 Bd7 15. Qf2 a6 16. Rfe1 Bb4 17. Re2 Bxc3 18. bxc3 Qf6 19. Rd2 a5 20. Ne2
a4 21. Qg3 h6 22. Bd4 Qg5 23. Qxg5 hxg5 24. Kf2 f6 25. c4 axb3 26. Rxa8
Rxa8 27. cxb3 Ra3 28. b4 Rb3 29. Rb2 Rxb2 1/2-1/2

[Event "Gibtelecom Masters"]
[Site "Gibraltar ENG"]
[Date "2006.02.01"]
[Round "9"]
[White "Gilbert,Je"]
[Black "Smith,AP"]
[Result "1-0"]
[WhiteElo "2098"]
[BlackElo "2200"]
[EventDate "2006.01.24"]

1. d4 d5 2. c4 c6 3. e3 Nf6 4. Nf3 e6 5. Qb3 Bd6 6. Bd2 O-O 7. Bb4 c5 8.
dxc5 Be7 9. cxd5 Nxd5 10. Bd2 Bxc5 11. Bd3 h6 12. O-O Nc6 13. Rd1 Qe7 14.
a3 Bb6 15. Nc3 Nf6 16. Rac1 e5 17. Qc2 Bg4 18. b4 Rac8 19. Bf5 Bxf5 20.
Qxf5 g6 21. Qh3 e4 22. Ne1 Bc7 23. Nb5 Be5 24. Nd4 h5 25. b5 Nxd4 26. Rxc8
Nxb5 27. Bb4 Bd6 28. Rxf8+ Qxf8 29. Bxd6 Nxd6 30. Nc2 Nb5 31. Qh4 Kg7 32.
a4 Nc3 33. Ra1 Qc5 34. Nd4 Nxa4 35. h3 b5 36. g4 hxg4 37. hxg4 Nh7 38. Kg2
Ng5 39. Rh1 Kf6 40. Qh8+ Ke7 41. Qb8 Nc3 42. Rh8 Kf6 43. Rc8 Qa3 44. Qf4+
1-0

[Event "Gibtelecom Masters"]
[Site "Gibraltar ENG"]
[Date "2006.02.01"]
[Round "9"]
[White "Osuna Vega,E"]
[Black "Cannon,Ri"]
[Result "0-1"]
[WhiteElo "2192"]
[BlackElo "2087"]
[EventDate "2006.01.24"]

1. Nf3 Nf6 2. d4 e6 3. Bf4 d5 4. e3 Be7 5. Nbd2 O-O 6. Bd3 b6 7. Qe2 Bb7 8.
Ne5 Ne4 9. Qh5 f6 10. f3 fxe5 11. fxe4 exf4 12. e5 Rf5 13. Bxf5 exf5 14.
exf4 g6 15. Qe2 c5 16. Nf3 Nc6 17. c3 cxd4 18. cxd4 Nb4 19. a3 Ba6 20. Qd2
Nd3+ 21. Kd1 Qd7 22. Kc2 Qa4+ 23. Kb1 Rc8 24. g3 Qb3 25. Ra2 Bc4 26. Ra1
Nxb2 27. Qc2 Bd3 0-1

[Event "Gibtelecom Masters"]
[Site "Gibraltar ENG"]
[Date "2006.02.01"]
[Round "9"]
[White "Groffen,H"]
[Black "Straub,P"]
[Result "1/2-1/2"]
[WhiteElo "2185"]
[BlackElo "2086"]
[EventDate "2006.01.24"]

1. d4 d6 2. Nf3 g6 3. c4 Nf6 4. Nc3 Bg7 5. e4 O-O 6. Be2 c5 7. d5 e6 8. O-O
exd5 9. cxd5 Re8 10. Qc2 a6 11. a4 b6 12. Bg5 h6 13. Bh4 Ra7 14. Nd2 Nbd7
15. f4 Qc7 16. Nc4 Nh7 17. Bg3 Bd4+ 18. Kh1 Ndf8 19. e5 Bf5 20. Qd2 dxe5
21. d6 Qc6 22. fxe5 Ng5 23. Rxf5 gxf5 24. Bd3 Ne4 25. Bxe4 fxe4 26. Qxh6
Re6 27. Qg5+ Rg6 28. Qf5 Rxg3 29. hxg3 f6 30. e6 Rh7+ 31. Qxh7+ Kxh7 32. e7
Ng6 33. Re1 f5 34. Nd5 Nxe7 35. Nxe7 Qd7 36. g4 b5 37. axb5 axb5 38. Nxf5
bxc4 39. Rxe4 Kg6 40. Kh2 Bxb2 41. Re7 Qxe7 42. dxe7 Be5+ 43. Kg1 Kf7 44.
Kf1 c3 45. Ke2 Bf6 46. Kd3 Bxe7 47. Kxc3 Bf8 48. Nh4 Ke6 49. Kc4 Be7 50.
Nf3 Bf8 51. g3 Bd6 52. Ng5+ Ke5 53. Nf7+ Ke6 54. Nxd6 Kxd6 55. g5 Ke6 56.
g4 Kf7 57. Kxc5 1/2-1/2

[Event "Gibtelecom Masters"]
[Site "Gibraltar ENG"]
[Date "2006.02.01"]
[Round "9"]
[White "Vinas Guerrero,C"]
[Black "Coimbra,M"]
[Result "1/2-1/2"]
[WhiteElo "2160"]
[BlackElo "2083"]
[EventDate "2006.01.24"]

1. e4 e5 2. Nf3 Nc6 3. Bb5 a6 4. Ba4 Nf6 5. d3 b5 6. Bb3 Bc5 7. O-O d6 8.
c3 O-O 9. Bg5 h6 10. Bh4 g5 11. Bg3 Bb6 12. Nbd2 Re8 13. Re1 Ne7 14. Nf1
Ng6 15. a4 Rb8 16. Ne3 Nf4 17. Qc2 N6h5 18. Rad1 Qf6 19. d4 c6 20. axb5
axb5 21. dxe5 dxe5 22. Nf5 Bxf5 23. exf5 Rb7 24. Qe4 Rbe7 25. Rd2 Ng7 26.
Bc2 Bc7 27. h3 Bb6 28. Red1 Bc7 29. Nh2 h5 30. f3 Bb6+ 31. Kh1 Nd5 32. Nf1
Ra7 33. Re1 Rae7 34. Ra1 Ra7 35. Rdd1 Rxa1 36. Rxa1 Qd6 37. Bh2 f6 38. Ng3
h4 39. Ne2 Rd8 40. Bb3 Kh8 41. Rd1 Qd7 42. g4 Ne8 43. Bg1 Bxg1 44. Nxg1 Nd6
45. Qe1 1/2-1/2

[Event "Gibtelecom Masters"]
[Site "Gibraltar ENG"]
[Date "2006.02.01"]
[Round "9"]
[White "Sbia,B"]
[Black "Schramm,B"]
[Result "0-1"]
[WhiteElo "1989"]
[BlackElo "2126"]
[EventDate "2006.01.24"]

1. e4 e5 2. Nc3 Nf6 3. f4 d5 4. fxe5 Nxe4 5. Nf3 Be7 6. Qe2 Nxc3 7. dxc3 c5
8. Bf4 Be6 9. O-O-O g5 10. Bg3 Nd7 11. h4 g4 12. Nh2 h5 13. Qf2 Qa5 14. Kb1
Nb6 15. Bd3 O-O-O 16. Bf5 Na4 17. Ka1 Rhf8 18. Bxe6+ fxe6 19. Qe3 c4 20. b4
cxb3 21. cxb3 Nxc3 22. Qd2 Bb4 23. Rc1 Kb8 24. Be1 d4 25. Rf1 Rxf1 26. Nxf1
Nxa2 27. Qxa2 Bxe1 28. Qxa5 Bxa5 29. Ng3 d3 30. Kb2 Rd5 31. Rd1 d2 32. Nxh5
Rxe5 33. Nf6 Re2 34. g3 Re3 35. Nxg4 Rxg3 36. Nf2 Rg2 37. Nd3 Rh2 38. b4
Bb6 39. Kc2 Be3 40. h5 Rxh5 41. Rf1 Rh8 42. Nb2 e5 43. Nd1 Bf4 44. Rf3 Rc8+
45. Kd3 Rc1 46. Rf1 Kc7 47. Rg1 Kb6 48. Ke2 Kb5 49. Rg7 Kb6 50. Rg6+ Rc6
51. Rg7 Rc7 52. Rxc7 Kxc7 53. Kd3 Kc6 54. Nc3 a6 55. Ke4 b6 56. Kd3 a5 57.
bxa5 bxa5 58. Kc4 e4 59. Kd4 e3 60. Kd3 Kc5 61. Ke2 Kc4 62. Na4 Kb3 0-1

[Event "Gibtelecom Masters"]
[Site "Gibraltar ENG"]
[Date "2006.02.01"]
[Round "9"]
[White "Suuronen,P"]
[Black "Hutchinson,N"]
[Result "0-1"]
[WhiteElo "1931"]
[BlackElo "2118"]
[EventDate "2006.01.24"]

1. e4 c6 2. d3 d5 3. Nd2 e5 4. Ngf3 Bd6 5. g3 Nf6 6. Bg2 O-O 7. O-O dxe4 8.
dxe4 Nbd7 9. a4 a5 10. c3 Qc7 11. Qc2 Nc5 12. Re1 h6 13. Nc4 Be6 14. Nfd2
Be7 15. Ne3 Rfd8 16. Bf1 Rd7 17. Nf5 Bf8 18. b4 axb4 19. cxb4 Na6 20. b5
Nb4 21. Qb1 cxb5 22. Bxb5 Nc2 23. Bxd7 Bxd7 24. Bb2 Nxe1 25. Qxe1 Rxa4 26.
Rc1 Qa5 27. Bc3 Qb5 28. Rb1 Qd3 29. Bxe5 Nxe4 30. Qd1 Nxd2 31. Nxh6+ gxh6
32. Rb3 Qxb3 0-1

[Event "Gibtelecom Masters"]
[Site "Gibraltar ENG"]
[Date "2006.02.01"]
[Round "9"]
[White "Guski,D"]
[Black "Baena,A"]
[Result "1/2-1/2"]
[WhiteElo "2106"]
[BlackElo "2019"]
[EventDate "2006.01.24"]

1. e4 e5 2. Nf3 Nc6 3. d4 exd4 4. Bc4 Nf6 5. e5 d5 6. Bb5 Ne4 7. Nxd4 Bd7
8. Bxc6 bxc6 9. O-O Bc5 10. f3 Ng5 11. Be3 Bb6 12. Qd2 h6 13. Nb3 Qe7 14.
Re1 Rd8 15. Nc3 Bf5 16. Bxb6 axb6 17. Nd4 Bd7 18. f4 Ne4 19. Nxe4 dxe4 20.
Qc3 c5 21. Ne2 O-O 22. Ng3 f5 23. exf6 Rxf6 24. Rxe4 Qd6 25. Rae1 Bc6 26.
Re7 Qd5 27. R1e2 Qd1+ 28. Re1 Qd5 29. R1e2 Qd1+ 30. Qe1 Qd4+ 31. Qf2 Qxb2
32. Rxc7 Rd1+ 33. Nf1 Rg6 34. g3 Qc3 35. Rce7 Rgd6 36. Qe3 Qc4 37. Qe5 Qd4+
38. Qxd4 R6xd4 39. Kf2 Bb5 40. Re1 Rxe1 41. Kxe1 Bxf1 42. Kxf1 Ra4 43. Ke2
Rxa2 44. Kd2 Ra1 45. Kc3 1/2-1/2

[Event "Gibtelecom Masters"]
[Site "Gibraltar ENG"]
[Date "2006.02.01"]
[Round "9"]
[White "Fox,An"]
[Black "Pannekoek,W"]
[Result "1/2-1/2"]
[WhiteElo "2104"]
[BlackElo "2083"]
[EventDate "2006.01.24"]

1. e4 e5 2. Nf3 Nc6 3. Bb5 a6 4. Ba4 Nf6 5. O-O Nxe4 6. d4 b5 7. Bb3 d5 8.
dxe5 Be6 9. Nbd2 Nc5 10. c3 Qd7 11. Bc2 Be7 12. Nb3 O-O 13. Nbd4 Nxd4 14.
Nxd4 f5 15. exf6 Bxf6 16. Be3 Nb7 17. Nxe6 Qxe6 18. Qh5 g6 19. Bxg6 hxg6
20. Qxg6+ Kh8 21. Qh6+ 1/2-1/2

[Event "Gibtelecom Masters"]
[Site "Gibraltar ENG"]
[Date "2006.02.01"]
[Round "9"]
[White "Fellousi,A"]
[Black "Hamer,M"]
[Result "1-0"]
[WhiteElo "2132"]
[BlackElo "2000"]
[EventDate "2006.01.24"]

1. e4 e5 2. Nf3 f5 3. Nxe5 Qf6 4. d4 d6 5. Nc4 fxe4 6. Nc3 Qg6 7. Be3 Nf6
8. Qd2 c6 9. a4 Be6 10. Na5 b6 11. Nxc6 Nxc6 12. d5 Bd7 13. dxc6 Bxc6 14.
a5 Rb8 15. axb6 axb6 16. Nb5 Nd5 17. Bc4 Nxe3 18. fxe3 Be7 19. O-O Rf8 20.
Rxf8+ Bxf8 21. Ra7 Kd8 22. Bf7 Qf6 23. Nd4 Bb7 24. Qc3 Kd7 25. Qc6+ 1-0

[Event "Gibtelecom Masters"]
[Site "Gibraltar ENG"]
[Date "2006.02.01"]
[Round "9"]
[White "Almer,J"]
[Black "Mohamed,MA"]
[Result "0-1"]
[WhiteElo "1848"]
[BlackElo "2107"]
[EventDate "2006.01.24"]

1. e4 e5 2. Nf3 Nc6 3. d4 exd4 4. Bc4 Nf6 5. O-O Nxe4 6. Re1 d5 7. Bxd5
Qxd5 8. Nc3 Qh5 9. Nxe4 Be6 10. Bg5 Bd6 11. Nxd6+ cxd6 12. Bf4 Qd5 13. c3
Rc8 14. a3 O-O 15. Nxd4 Nxd4 16. Qxd4 Qxd4 17. cxd4 Rc2 18. b4 d5 19. Kf1
Rc4 20. Be3 Bf5 21. Rec1 Rfc8 22. Rxc4 dxc4 23. Rc1 c3 24. Ke2 b6 25. d5 c2
26. d6 f6 27. h4 h6 28. f3 g5 29. hxg5 hxg5 30. g4 Bg6 31. Bf2 Kf7 32. Kd2
Rc6 33. Bg3 Rc4 34. Re1 Rd4+ 35. Ke2 Rd3 36. a4 Rb3 37. Kd2 Rxf3 38. Bh2
Rf2+ 39. Kc1 Rxh2 40. Re7+ Kf8 41. Re1 Rh7 42. Rf1 Rd7 43. Rxf6+ Kg7 0-1

[Event "Gibtelecom Masters"]
[Site "Gibraltar ENG"]
[Date "2006.02.01"]
[Round "9"]
[White "Stock,T"]
[Black "Phillips,G"]
[Result "1-0"]
[WhiteElo "2083"]
[BlackElo "1790"]
[EventDate "2006.01.24"]

1. d4 Nf6 2. c4 g6 3. Nc3 Bg7 4. e4 d6 5. f3 O-O 6. Be3 e5 7. Nge2 a5 8.
Qd2 Nc6 9. d5 Ne7 10. g4 Nd7 11. Ng3 Nc5 12. Bh6 Bxh6 13. Qxh6 Kh8 14. h4
Ng8 15. Qd2 h6 16. O-O-O a4 17. Be2 Bd7 18. Rdf1 Re8 19. Kb1 Ra6 20. Bd1
Kg7 21. Rh2 Rb6 22. Ka1 a3 23. b3 Ra6 24. b4 Na4 25. b5 Nxc3 26. Qxc3 Ra7
27. f4 f6 28. g5 h5 29. f5 fxg5 30. fxg6 Rf8 31. Rxf8 Qxf8 32. Qe3 Qe7 33.
Qxa7 1-0

[Event "Gibtelecom Masters"]
[Site "Gibraltar ENG"]
[Date "2006.02.01"]
[Round "9"]
[White "Obers,F"]
[Black "Elamri,L"]
[Result "1-0"]
[WhiteElo "2080"]
[BlackElo "1921"]
[EventDate "2006.01.24"]

1. d4 Nf6 2. c4 g6 3. Nc3 Bg7 4. e4 d6 5. f4 O-O 6. Nf3 c5 7. d5 e6 8. Be2
exd5 9. cxd5 Re8 10. Nd2 Ng4 11. Bxg4 Qh4+ 12. g3 Qxg4 13. Qxg4 Bxg4 14.
Nb5 Na6 15. Nxd6 Nb4 16. h3 Nc2+ 17. Kf2 Bd4+ 18. Kg2 Bxh3+ 19. Kxh3 Nxa1
20. Nxe8 Rxe8 21. e5 Nc2 22. Ne4 Rd8 23. a3 c4 24. d6 b5 25. Bd2 Bb6 26.
Nf6+ Kg7 27. Nd5 Rb8 28. g4 Nd4 29. Be3 Nc6 30. Bxb6 axb6 31. Rd1 Kf8 32.
Kg3 h6 33. Kf3 Rb7 34. Ke4 Rb8 35. Nf6 Rd8 36. f5 Kg7 37. d7 Nb8 38. Rd6 g5
39. Kd5 Kf8 40. Nh7+ Kg7 41. e6 1-0

[Event "Gibtelecom Masters"]
[Site "Gibraltar ENG"]
[Date "2006.02.01"]
[Round "9"]
[White "Villena Perez,J"]
[Black "Matto,M"]
[Result "1/2-1/2"]
[WhiteElo "1915"]
[BlackElo "1954"]
[EventDate "2006.01.24"]

1. e4 e6 2. d4 Be7 3. Bd3 d6 4. Nf3 h6 5. c4 Nd7 6. Nc3 a6 7. Qc2 c6 8. b3
Ngf6 9. Bb2 Qa5 10. O-O Nf8 11. e5 N6h7 12. Ne4 Qc7 13. exd6 Bxd6 14. Nxd6+
Qxd6 15. Ne5 Nf6 16. f4 Bd7 17. f5 Qe7 18. Nxd7 Kxd7 19. Rae1 Rc8 20. fxe6+
fxe6 21. Qe2 Re8 22. Qd2 Kc8 23. Kh1 Qd7 24. Bb1 Kb8 25. a4 N8h7 26. Bxh7
Nxh7 27. Qf4+ Kc8 28. Qe5 Nf6 29. h3 Rhg8 30. Bc1 b6 31. Bxh6 Ng4 32. hxg4
gxh6 33. Qe4 e5 34. dxe5 Rxg4 35. Qf5 Rg5 36. Qxd7+ Kxd7 37. Rf6 Rh5+ 38.
Kg1 Rhxe5 39. Rxe5 Rxe5 40. Rxh6 Re1+ 41. Kf2 Rb1 42. Rh3 b5 43. cxb5 axb5
44. a5 Rb2+ 45. Kg1 Rb1+ 46. Kh2 c5 47. Rd3+ Ke6 48. g4 Ra1 49. g5 Rxa5 50.
Kg3 Ra3 51. Rf3 Kd5 52. g6 Ra6 53. Rf5+ Ke6 54. Rxc5 Kf6 55. g7 Kxg7 56.
Rxb5 Kf6 57. Kf4 Ke6 58. Ke4 Kd6 59. Kd4 Kc6 60. Rf5 Ra1 61. Kc4 Rc1+ 62.
Kb4 Re1 63. Rf4 Re6 64. Rc4+ Kb6 65. Ka4 Re5 66. b4 Re8 67. b5 Re6 1/2-1/2

[Event "Gibtelecom Masters"]
[Site "Gibraltar ENG"]
[Date "2006.02.02"]
[Round "10"]
[White "Sundararajan,K"]
[Black "Van den Bersselaar,J"]
[Result "1-0"]
[WhiteElo "2495"]
[BlackElo "2222"]
[EventDate "2006.01.24"]

1. d4 d5 2. c4 e6 3. Nf3 Nf6 4. Bg5 h6 5. Bxf6 Qxf6 6. Nc3 c6 7. e3 g6 8.
Be2 Nd7 9. O-O dxc4 10. Bxc4 Bg7 11. Qc2 Qe7 12. Rad1 O-O 13. Rfe1 b5 14.
Bf1 Bb7 15. Ne4 Rfc8 16. Rc1 a5 17. Nfd2 a4 18. g3 e5 19. Nc5 Nxc5 20. dxc5
f5 21. e4 Rf8 22. Nf3 Rae8 23. Rcd1 Qf7 24. Rd6 g5 25. exf5 Qxf5 26. Qxf5
Rxf5 27. Nd4 Rf6 28. Rxf6 Bxf6 29. Nf5 e4 30. Nd6 Re7 31. b3 Bc3 32. Rxe4
Rxe4 33. Nxe4 Bb4 34. Bh3 Kf8 35. f4 gxf4 36. gxf4 Ba3 37. Kf2 axb3 38.
axb3 b4 39. Nd6 Ba6 40. Bf1 Bxf1 41. Kxf1 Ke7 42. Ke2 Ke6 43. Kd3 Kd5 44.
Ne4 Bb2 45. f5 Be5 46. h3 Bg7 47. f6 Bf8 48. Ke3 Ke5 49. Kd3 Kd5 50. f7 Ke5
51. Nd6 Kd5 52. Nb7 Be7 53. Ke3 Ke6 54. Kd4 Bf6+ 55. Kc4 Kxf7 56. Na5 1-0

[Event "Gibtelecom Masters"]
[Site "Gibraltar ENG"]
[Date "2006.02.02"]
[Round "10"]
[White "Shaw,J"]
[Black "Tscharotschkin,M"]
[Result "1-0"]
[WhiteElo "2432"]
[BlackElo "2227"]
[EventDate "2006.01.24"]

1. e4 c5 2. b3 e6 3. Bb2 d5 4. exd5 exd5 5. Nf3 Nc6 6. Bb5 Qe7+ 7. Be2 Bg4
8. O-O O-O-O 9. Re1 Re8 10. Nd4 Bxe2 11. Rxe2 Qd7 12. Rxe8+ Qxe8 13. Nxc6
Qxc6 14. Qf3 Qe6 15. Nc3 Nf6 16. Nb5 a6 17. Bxf6 axb5 18. Bb2 f6 19. Kf1
Bd6 20. Re1 Be5 21. Qe2 Qd7 22. Bxe5 Re8 23. Qe3 b6 24. d4 fxe5 25. dxe5
Qf5 26. e6 Qxc2 27. Qg3 Re7 28. Qd6 Qd3+ 29. Kg1 Qc3 30. Rd1 Qf6 31. Qc6+
Rc7 32. Qa8+ 1-0

[Event "Gibtelecom Masters"]
[Site "Gibraltar ENG"]
[Date "2006.02.02"]
[Round "10"]
[White "Nadig,K"]
[Black "Roy Chowdhury,S"]
[Result "1/2-1/2"]
[WhiteElo "2237"]
[BlackElo "2393"]
[EventDate "2006.01.24"]

1. e4 c5 2. Nf3 Nc6 3. d4 cxd4 4. Nxd4 g6 5. Nc3 Bg7 6. Be3 Nf6 7. Bc4 O-O
8. Bb3 d6 9. h3 Bd7 10. O-O Qa5 11. f4 Qh5 12. Qd2 a6 1/2-1/2